<?xml version="1.0" encoding="UTF-8"?>
<record
    xmlns:xsi="http://www.w3.org/2001/XMLSchema-instance"
    xsi:schemaLocation="http://www.loc.gov/MARC21/slim http://www.loc.gov/standards/marcxml/schema/MARC21slim.xsd"
    xmlns="http://www.loc.gov/MARC21/slim">

  <leader>01892nam a22001817a 4500</leader>
  <controlfield tag="003">NUST</controlfield>
  <controlfield tag="005">20260127102903.0</controlfield>
  <datafield tag="082" ind1=" " ind2=" ">
    <subfield code="a">005.1,KHA</subfield>
  </datafield>
  <datafield tag="100" ind1=" " ind2=" ">
    <subfield code="a">Khan, Rabia </subfield>
    <subfield code="9">15088</subfield>
  </datafield>
  <datafield tag="245" ind1=" " ind2=" ">
    <subfield code="a">Cross-Domain Recommendation using Deep Learning /</subfield>
    <subfield code="c">Rabia Khan</subfield>
  </datafield>
  <datafield tag="260" ind1=" " ind2=" ">
    <subfield code="a">Rawalpindi,</subfield>
    <subfield code="b">MCS (NUST),</subfield>
    <subfield code="c">2025</subfield>
  </datafield>
  <datafield tag="300" ind1=" " ind2=" ">
    <subfield code="a">xix, 170 p</subfield>
  </datafield>
  <datafield tag="505" ind1=" " ind2=" ">
    <subfield code="a">Recommender systemsplayacrucialroleinfilteringvastinformation,buttraditionalsingle-
domain modelsstrugglewithdatasparsity,cold-startissues,andlimitedpersonalization.
These challengesareamplifiedasuserpreferencesoftenspanmultipledomains,which
single-domain recommendersfailtocapture.Toaddresstheseissues,thisthesisexplores
cross-domain recommendation using Multi-Layer Perceptron's (MLPs)to model non-linear
dependencies andaligndomain-specificfeatures,improvingpersonalizationandscalability.
However,MLPsoverlookthegraph-structurednatureofuser-iteminteractions,limiting
their abilitytomodelhigher-orderrelationships.Toovercomethis,aGraphConvolutional
Network-basedframeworkisproposedtolearnbothdomain-specificandsharedembed-
dings throughcollaborativegraphsignals.Additionally,tocapturefine-grainedpreferences,
another modelisproposedthatintegratesmetapath-basedgraphswithtransformer-based
reviewencoding.Thiscapturesopiniondynamicsfromreviewsandenhancesknowledge
transfer insparsesettings.
Finally,recognizingthelimitationsofratings-onlymodelsandbiasedsharedembeddings,
a sentiment-awarecontrastivelearningframeworkisintroduced.Bydynamicallyadapt-
ing userrepresentationsusingreviewsentiment,themodelachievesimprovedcross-domain
personalization, mitigatesnegativetransfer,andsupportsaccuraterecommendationsacross
heterogeneous domains like movies and books.</subfield>
  </datafield>
  <datafield tag="650" ind1=" " ind2=" ">
    <subfield code="a">PhD Computer Software Engineering Thesis</subfield>
    <subfield code="9">132801</subfield>
  </datafield>
  <datafield tag="651" ind1=" " ind2=" ">
    <subfield code="a">PhD CSE Thesis</subfield>
    <subfield code="9">132802</subfield>
  </datafield>
  <datafield tag="700" ind1=" " ind2=" ">
    <subfield code="a">Supervised by Dr. Naima Iltaf</subfield>
    <subfield code="9">132895</subfield>
  </datafield>
  <datafield tag="942" ind1=" " ind2=" ">
    <subfield code="2">ddc</subfield>
    <subfield code="c">THE</subfield>
  </datafield>
  <datafield tag="999" ind1=" " ind2=" ">
    <subfield code="c">615954</subfield>
    <subfield code="d">615954</subfield>
  </datafield>
  <datafield tag="952" ind1=" " ind2=" ">
    <subfield code="0">0</subfield>
    <subfield code="1">0</subfield>
    <subfield code="2">ddc</subfield>
    <subfield code="4">0</subfield>
    <subfield code="7">0</subfield>
    <subfield code="a">MCS</subfield>
    <subfield code="b">MCS</subfield>
    <subfield code="c">THE</subfield>
    <subfield code="d">2026-01-27</subfield>
    <subfield code="l">0</subfield>
    <subfield code="o">005.1,KHA</subfield>
    <subfield code="p">MCSPhD CSE-26</subfield>
    <subfield code="r">2026-01-27</subfield>
    <subfield code="w">2026-01-27</subfield>
    <subfield code="y">THE</subfield>
  </datafield>
</record>
